မေတ္တပါရဂူကျမ်း / (Record no. 16739)

000 -LEADER
fixed length control field 00823nam a2200205Ia 4500
003 - CONTROL NUMBER IDENTIFIER
control field OSt
005 - DATE AND TIME OF LATEST TRANSACTION
control field 20241119095757.0
007 - PHYSICAL DESCRIPTION FIXED FIELD--GENERAL INFORMATION
fixed length control field ca aa aaaaa
008 - FIXED-LENGTH DATA ELEMENTS--GENERAL INFORMATION
fixed length control field 201103s9999 xx 000 0 und d
040 ## - CATALOGING SOURCE
Transcribing agency SSBUL
041 ## - LANGUAGE CODE
Language code of text/sound track or separate title bur
082 ## - DEWEY DECIMAL CLASSIFICATION NUMBER
Classification number ၂၉၄.၃၅၆၇၇ အ ၉၂၆၂ S-SAT
Edition number 23
100 ## - MAIN ENTRY--PERSONAL NAME
Personal name အရှေ့ပရက္ကမဆရာတော်
9 (RLIN) 17348
245 #0 - TITLE STATEMENT
Title မေတ္တပါရဂူကျမ်း /
Statement of responsibility, etc. အရှေ့ပရက္ကမဆရာတော်။
260 ## - PUBLICATION, DISTRIBUTION, ETC.
Place of publication, distribution, etc. မန္ထလေးမြို. ၊
Name of publisher, distributor, etc. ဓါတ်နန်းရပ် ၊
Date of publication, distribution, etc. ၁၉၇၀။
300 ## - PHYSICAL DESCRIPTION
Extent ဌ၊ ၉၆ စာမျက်နှာ ၊
Dimensions ၁၇ စင်တီ။
505 ## - FORMATTED CONTENTS NOTE
Formatted contents note S-SAT: Dr Sai Aung Tun Collection
650 ## - SUBJECT ADDED ENTRY--TOPICAL TERM
Topical term or geographic name entry element ဘာသာရေးစာပေ
9 (RLIN) 55313
942 ## - ADDED ENTRY ELEMENTS (KOHA)
Source of classification or shelving scheme
Koha item type Book (Short term)
Holdings
Withdrawn status Lost status Source of classification or shelving scheme Damaged status Not for loan Collection code Permanent Location Current Location Shelving location Date acquired Total Checkouts Full call number Barcode Date last seen Price effective from Koha item type Accession
          Special Collections Shan State Buddhist University Library Shan State Buddhist University Library Special Collection Shelves 15/02/2023   ၂၉၄.၃၅၆၇၇ အ ၉၂၆၂ S-SAT MB00009262 15/02/2023 15/02/2023 Book (Short term) ၉၂၆၂ S-SAT

Library - 09407999929
Admin Office - 09407999979
Dean Office - 09250910768
Registrar Office - 09892297154
Email - [email protected]
Shan State Buddhist University, Phaya Phyu Taunggyi, Shan State, Myanmar.